000 00296nam a22001217a 4500
008 180427b xxu||||| |||| 00| 0 eng d
041 _aeng
080 _a043.3
100 _a0
101 _aSI-BA
245 _aSi Ndikon Crowfunding ne Krijimin e Ndermarrjeve te Reja
_cFeka, A
942 _2udc
_cBK
999 _c45614
_d45614